000 00358nam a2200133Ia 4500
008 231129s9999||||xx |||||||||||||| ||spa||
020 _a84-8280-957-1
040 _bspa
082 _a813 C147c
100 _aCaldwell Erskine
245 0 _aEl camino del tabaco
264 _aEspaƱa : La Oveja Negra
942 _2ddc
_cBKS
999 _c10453
_d10453